[Event "AUTO-INT-821"]
[Site "http://www.queenalice.com/game.php?id=366797"]
[Date "2008.3.7"]
[Round "1"]
[White "lhpalinski"]
[Black "Enxadrista_27"]
[Result "1-0"]
[WhiteElo "1290"]
[BlackElo "1589"]

1. e4 e5 2. Nf3 Nc6 3. Bc4 h6 4. Nc3 Nf6 5. d3 Bc5 6. Nd5 Ng4 7. O-O d6 8. c3
Nxf2 9. Rxf2 Bxf2+ 10. Kxf2 Bg4 11. Be3 Bxf3 12. Qxf3 Na5 13. Bb5+ c6 14. Bxc6+
bxc6 15. Nb4 Qe7 16. Rf1 O-O-O 17. Bxa7 g5 18. Bb6 Rdg8 19. Bxa5 Kd7 20. Kg1 h5
21. Qf5+ Qe6 22. Qxe6+ fxe6 23. Na6 h4 24. h3 g4 25. Kh2 Rf8 26. Ra1 Rf2 27. b3
gxh3 28. Kxh3 Rg8 29. Rg1 Rxa2 30. b4 Ra3 31. Rc1 Ra2 32. Rg1 Rc2 33. Kxh4 Rxc3
34. g3 Rxd3 35. g4 d5 36. exd5 cxd5 37. Nc5+ Ke7 38. Nxd3 e4 39. Nf4 d4 40. b5
Kf6 41. g5+ Kf5 42. Bc7 Rg7 43. b6 Rg8 44. b7 e5 45. Nd5 Rh8+ 46. Kg3 Kxg5 47.
Bxe5 Kf5 48. Bxh8 1-0

[Event "AUTO-INT-821"]
[Site "http://www.queenalice.com/game.php?id=366798"]
[Date "2008.3.7"]
[Round "1"]
[White "Enxadrista_27"]
[Black "lhpalinski"]
[Result "1-0"]
[WhiteElo "1582"]
[BlackElo "1312"]

1. d4 d6 2. c4 e6 3. Nf3 Nf6 4. Nc3 Be7 5. e4 Nc6 6. g4 Nxg4 7. Ng5 Bxg5 8. f3
Ne3 9. Bxe3 Bxe3 10. Qd3 Bxd4 11. Nb5 Bxb2 12. Rb1 Ne5 13. Qe3 Nxc4 14. Bxc4 Be5
15. f4 Bf6 16. Bb3 Bd7 17. Nxa7 O-O 18. Bc2 Bh4+ 19. Kd1 e5 20. Rxb7 exf4 21.
Qd3 Bg4+ 22. Kc1 Bg5 23. e5 f3+ 24. Kb1 dxe5 25. Qxh7# 1-0

[Event "AUTO-INT-821"]
[Site "http://www.queenalice.com/game.php?id=366801"]
[Date "2008.3.7"]
[Round "1"]
[White "lhpalinski"]
[Black "zolaweed"]
[Result "0-1"]
[WhiteElo "1489"]
[BlackElo "1677"]

1. e4 e6 2. Nf3 c6 3. Nc3 b5 4. a3 Bb7 5. b4 d6 6. d3 h6 7. g3 Nd7 8. Be3 Be7 9.
Bg2 Ndf6 10. O-O Nd7 11. Ne2 Ngf6 12. Bh3 Qc7 13. c3 O-O 14. Qc2 a5 15. Qb3 a4
16. Qa2 d5 17. Bf4 e5 18. Be3 dxe4 19. dxe4 Nxe4 20. Bxd7 Qxd7 21. Rad1 Qf5 22.
Bc5 Bxc5 23. bxc5 Rae8 24. Nh4 Qh5 25. Qc2 Nxc5 26. Rfe1 e4 27. Nf4 Qg5 28. c4
Nb3 29. cxb5 c5 30. Rd7 Nd4 31. Qd1 Nxb5 32. Rxb7 Nd4 33. Nfg2 Qf6 34. Ne3 g5
35. Nhg2 Nf3+ 36. Kh1 Nxe1 37. Nxe1 Qxf2 38. N1g2 Rd8 39. Qg1 Qe2 40. Rb1 c4 41.
Re1 Qb2 42. Nxc4 Qb3 43. Nge3 Rd4 44. Rb1 Qc3 45. Rc1 Qb3 46. Qe1 Ra8 47. Rb1
Qd3 48. Rd1 Qxc4 49. Nxc4 Rxc4 50. Rc1 Rd4 51. Rc3 Rad8 52. Re3 Rd1 53. Rxe4
Rxe1+ 54. Rxe1 Kg7 55. Re4 Ra8 56. Kg2 Kg6 57. Kf3 h5 58. g4 hxg4+ 59. Kxg4 f5+
60. Kf3 fxe4+ 61. Kxe4 Rc8 62. Kd4 Rc2 63. h3 Rh2 64. Kc4 Rxh3 0-1

[Event "AUTO-INT-821"]
[Site "http://www.queenalice.com/game.php?id=366802"]
[Date "2008.3.7"]
[Round "1"]
[White "zolaweed"]
[Black "lhpalinski"]
[Result "1-0"]
[WhiteElo "1668"]
[BlackElo "1504"]

1. d4 d5 2. Nf3 Nc6 3. a3 Bf5 4. e3 Nf6 5. h3 e6 6. Nc3 Bd6 7. Be2 O-O 8. g4 Bg6
9. Bd2 a6 10. Ng1 b5 11. h4 h6 12. g5 hxg5 13. hxg5 Nh7 14. Nh3 Nxg5 15. Nf4
Bxf4 16. exf4 Ne4 17. Be3 Nxc3 18. bxc3 Bh7 19. Kd2 f6 20. Qg1 Qe7 21. Qh2 Bg6
22. Rag1 Kf7 23. Rg2 Rh8 24. Qg1 Rxh1 25. Qxh1 Be4 26. f3 Bg6 27. Qh3 Rg8 28.
Qg4 Bf5 29. Qh5+ Kf8 30. Bd3 Bxd3 31. Kxd3 Na5 32. Bf2 Nc4 33. Bh4 Qf7 34. Qg4
Nxa3 35. Be1 Nc4 36. f5 Ke7 37. fxe6 Qxe6 38. Re2 Qxe2+ 39. Kxe2 c6 40. Qg3 Kd7
41. Qg4+ Ke7 42. Bg3 g5 43. f4 Nd6 44. f5 Rh8 45. Bxd6+ Kxd6 46. Qg3+ Kd7 47.
Kd2 a5 48. Qe3 Re8 49. Qh3 a4 50. Qh7+ Re7 51. Qg6 a3 52. Kc1 Kc8 53. Qxf6 Rc7
54. Qe6+ Kb7 55. f6 Kb6 56. f7 Ra7 57. f8=Q a2 58. Qb8+ Rb7 59. Qd8+ Rc7 60. Kb2
b4 61. cxb4 g4 62. Qec8 a1=Q+ 63. Kxa1 1-0

[Event "Challenge"]
[Site "http://www.queenalice.com/game.php?id=385119"]
[Date "2008.4.10"]
[Round "-"]
[White "Eclesiastes"]
[Black "lhpalinski"]
[Result "1-0"]
[WhiteElo "1806"]
[BlackElo "1488"]

1. e4 e5 2. f4 f6 3. fxe5 fxe5 4. Qh5+ g6 5. Qxe5+ Qe7 6. Qxh8 Qxe4+ 7. Ne2 Ne7
8. d3 Qh4+ 9. g3 Qb4+ 10. Nbc3 Nbc6 11. Bh6 Nf5 12. Bxf8 Qxf8 13. Qxh7 Nce7 14.
O-O-O d6 15. Bg2 c6 16. Rhf1 d5 17. Kb1 Be6 18. Nd4 Bd7 19. g4 O-O-O 20. gxf5
gxf5 21. Rde1 Ng8 22. Ne6 Bxe6 23. Rxe6 Rd7 24. Qg6 Ne7 25. Qh5 f4 26. Bh3 Kb8
27. Rxc6 bxc6 28. Bxd7 Kc7 29. Be6 Kd6 30. Bh3 1-0

[Event "black too"]
[Site "http://www.queenalice.com/game.php?id=385120"]
[Date "2008.4.10"]
[Round "-"]
[White "lhpalinski"]
[Black "Eclesiastes"]
[Result "0-1"]
[WhiteElo "1482"]
[BlackElo "1809"]

1. e4 c5 2. Nc3 d6 3. Nf3 a6 4. d3 Nc6 5. Bf4 Bg4 6. g3 Bxf3 7. Qxf3 Nd4 8. Qd1
Nf6 9. Bg2 g6 10. Bg5 Bg7 11. Bxf6 Bxf6 12. Nd5 Bg7 13. c3 Nc6 14. O-O O-O 15.
Rb1 e6 16. Ne3 Kh8 17. c4 Rb8 18. a4 Nd4 19. Nc2 f5 20. Nxd4 Bxd4 21. Kh1 fxe4
22. dxe4 Rxf2 23. Rxf2 Bxf2 24. Qf3 Bd4 25. b3 Qe7 26. Rf1 Kg7 27. h4 Re8 28.
Re1 Rf8 29. Qg4 h5 30. Bh3 hxg4 31. Bxg4 Bf2 32. Re2 Bxg3 33. Kg2 Qxh4 34. Bh3
Be1 0-1

[Event "Challenge"]
[Site "http://www.queenalice.com/game.php?id=399123"]
[Date "2008.5.7"]
[Round "-"]
[White "lhpalinski"]
[Black "danielsaraujo"]
[Result "1-0"]
[WhiteElo "1471"]
[BlackElo "1808"]

1. e4 d5 2. e5 d4 3. c3 d3 4. Qf3 Nc6 5. Qxd3 Nxe5 6. Qxd8+ Kxd8 7. d4 Ng4 8. h3
N4f6 9. g3 Ne4 10. Bg2 Nef6 11. Nf3 Bf5 12. O-O e6 13. Nbd2 Bd6 14. Ng5 Nh6 15.
Nc4 Bd3 16. Ne5 Bxe5 17. Rd1 Bg6 18. dxe5+ Nd7 19. Bxb7 Rb8 20. Bc6 f6 21. Rxd7+
Kc8 22. exf6 gxf6 23. Nxe6 Rb7 24. Bxh6 Re8 25. Nc5 Rb6 26. Ba4 Rxb2 27. Bf4
Ree2 28. Rxc7+ Kd8 29. Rd1+ Red2 30. Ne6# 1-0

[Event "Challenge"]
[Site "http://www.queenalice.com/game.php?id=399762"]
[Date "2008.5.8"]
[Round "-"]
[White "Sabaak_No_Gaara"]
[Black "lhpalinski"]
[Result "1-0"]
[WhiteElo "1827"]
[BlackElo "1476"]

1. e4 e5 2. f4 f6 3. fxe5 fxe5 4. Qh5+ g6 5. Qxe5+ Qe7 6. Qxh8 Qh4+ 7. Kd1 Qxe4
8. Qxg8 d6 9. Bc4 Qe7 10. Nc3 Bg4+ 11. Nf3 Bxf3+ 12. gxf3 Nc6 13. Nd5 O-O-O 14.
Nxe7+ Bxe7 15. Qxh7 Bf6 16. c3 Ne5 17. Bb3 Nxf3 18. Qh3+ Kb8 19. Qxf3 Bh4 20.
Kc2 g5 21. d4 c6 22. Rg1 d5 23. Qf6 Ka8 24. Qxd8# 1-0

[Event "Challenge"]
[Site "http://www.queenalice.com/game.php?id=399763"]
[Date "2008.5.8"]
[Round "-"]
[White "lhpalinski"]
[Black "Sabaak_No_Gaara"]
[Result "0-1"]
[WhiteElo "1508"]
[BlackElo "1835"]

1. b4 Nc6 2. a3 e5 3. Bb2 a6 4. e4 Nf6 5. d3 d5 6. exd5 Nxd5 7. g3 Be7 8. Bg2
O-O 9. c4 Nf6 10. Nf3 Bg4 11. h3 Bxf3 12. Bxf3 Nd4 13. Bxd4 Qxd4 14. Nd2 Qxd3
15. Be2 Qd4 16. O-O Rad8 17. Nf3 Qe4 18. Qb1 Qxe2 19. Nh2 Rd2 20. c5 Nh5 21. Kg2
f5 22. Nf3 Rd3 23. Nxe5 Rxg3+ 24. Kh2 Qxe5 25. fxg3 Qxg3+ 26. Kh1 Bh4 27. Qa2+
Kh8 28. Qg2 Rf6 29. Qxg3 Nxg3+ 30. Kg2 Nxf1 31. Kxf1 Re6 32. Ra2 f4 33. Kg2 Re3
34. a4 g5 35. b5 a5 36. c6 bxc6 37. bxc6 Rc3 38. Rb2 Rxc6 39. Rb5 Kg7 40. Rxa5
Kf6 41. Rb5 h5 42. a5 Ra6 43. Rc5 c6 44. Kf3 Ke6 45. Ke2 Kd6 46. Rf5 Ra7 47.
Rf6+ Kc5 0-1

[Event "Challenge"]
[Site "http://www.queenalice.com/game.php?id=400338"]
[Date "2008.5.9"]
[Round "-"]
[White "lhpalinski"]
[Black "Sabaak_No_Gaara"]
[Result "0-1"]
[WhiteElo "1474"]
[BlackElo "1816"]

1. e4 e5 2. Nf3 Nc6 3. g3 Nf6 4. d3 d5 5. exd5 Qxd5 6. Nc3 Bb4 7. a3 Bxc3+ 8.
bxc3 Bg4 9. Bg2 e4 10. c4 Qh5 11. dxe4 Rd8 12. Qe2 Nd4 13. Qe3 Nxc2+ 14. Ke2
Nxe3 15. Bxe3 Nxe4 16. h4 Nc3+ 17. Kf1 Bxf3 18. Bxf3 Qxf3 19. Rg1 O-O 20. Rc1
Rfe8 21. Re1 Rxe3 22. Rxe3 Rd1+ 23. Re1 Rxe1+ 24. Kxe1 Qe2# 0-1

[Event "Challenge"]
[Site "http://www.queenalice.com/game.php?id=400390"]
[Date "2008.5.9"]
[Round "-"]
[White "The_Hand_of_God"]
[Black "lhpalinski"]
[Result "1-0"]
[WhiteElo "1925"]
[BlackElo "1504"]

1. d4 d5 2. c4 c6 3. Nc3 dxc4 4. e4 e6 5. Bxc4 b5 6. Bb3 Bb4 7. Nf3 Ne7 8. O-O
O-O 9. Qd3 c5 10. Qxb5 Bxc3 11. bxc3 cxd4 12. cxd4 Bd7 13. Qh5 g6 14. Qh6 f6 15.
Bb2 Rf7 16. d5 e5 17. d6 Nec6 18. Bxf7+ Kxf7 19. Qxh7+ Kf8 20. Nh4 Na6 21. Nxg6+
Ke8 22. Qg8# 1-0

[Event "Challenge"]
[Site "http://www.queenalice.com/game.php?id=400391"]
[Date "2008.5.9"]
[Round "-"]
[White "lhpalinski"]
[Black "The_Hand_of_God"]
[Result "0-1"]
[WhiteElo "1504"]
[BlackElo "1934"]

1. e4 c5 2. c4 d6 3. Nf3 Nc6 4. g3 Nf6 5. d3 g6 6. Bg2 Bg7 7. O-O O-O 8. a3 Bg4
9. h3 Bxf3 10. Qxf3 Nd4 11. Qd1 Nd7 12. Nc3 Nb8 13. b4 Ne6 14. Bb2 a6 15. a4
cxb4 16. Nd5 Bxb2 17. Rb1 Bc3 18. Nxc3 bxc3 19. Qb3 c2 20. Rb2 Nd4 21. Qxb7 Nbc6
22. e5 Ra7 23. Qb6 Qxb6 24. Rxb6 Nxe5 25. Re1 Nxd3 26. Ra1 c1=Q+ 27. Rxc1 Nxc1
28. a5 Nce2+ 29. Kf1 Rc8 30. Bb7 Rxc4 0-1

[Event "Challenge"]
[Site "http://www.queenalice.com/game.php?id=410330"]
[Date "2008.5.30"]
[Round "-"]
[White "lhpalinski"]
[Black "Capelense"]
[Result "0-1"]
[WhiteElo "1473"]
[BlackElo "2027"]

1. e4 e5 2. Nf3 Nc6 3. Bc4 Nf6 4. Ng5 Bc5 5. Nxf7 Bxf2+ 6. Kxf2 Nxe4+ 7. Ke2 Qh4
8. Qf1 Nd4+ 9. Ke3 Nxc2+ 10. Kd3 Nxa1 11. Nxh8 Nc5+ 12. Kc3 Qd4+ 13. Kb4 Nc2+
14. Ka5 b6+ 0-1

[Event "Challenge"]
[Site "http://www.queenalice.com/game.php?id=416593"]
[Date "2008.6.12"]
[Round "-"]
[White "gilberth1"]
[Black "lhpalinski"]
[Result "1-0"]
[WhiteElo "1491"]
[BlackElo "1424"]

1. d4 d5 2. Nc3 g6 3. e3 Bg7 4. Bd3 Nf6 5. h3 Nc6 6. Nf3 O-O 7. O-O Nb4 8. Bb5
a6 9. Ba4 b5 10. Bb3 a5 11. a3 a4 12. Ba2 Nxa2 13. Rxa2 c6 14. Ne5 Bb7 15. Qf3
1-0

[Event "Challenge"]
[Site "http://www.queenalice.com/game.php?id=416594"]
[Date "2008.6.12"]
[Round "-"]
[White "gilberth1"]
[Black "lhpalinski"]
[Result "1-0"]
[WhiteElo "1444"]
[BlackElo "1471"]

1. d4 b6 2. e4 Bb7 3. Nc3 e6 4. e5 d6 5. Nf3 Nc6 6. Bf4 dxe5 7. dxe5 Qxd1+ 8.
Rxd1 h6 9. Bc4 g5 10. Bg3 Bb4 11. O-O Nge7 12. Rd2 Nd5 13. Bxd5 O-O-O 14. Bc4
Rxd2 15. Nxd2 1-0

[Event "Challenge"]
[Site "http://www.queenalice.com/game.php?id=416595"]
[Date "2008.6.12"]
[Round "-"]
[White "gilberth1"]
[Black "lhpalinski"]
[Result "1-0"]
[WhiteElo "1477"]
[BlackElo "1438"]

1. d4 b5 2. e4 Bb7 3. Bxb5 Bxe4 4. f3 Bb7 5. d5 a6 6. Ba4 g6 7. c4 Bg7 8. Qe2
Nf6 9. Bf4 O-O 10. Nd2 Re8 11. Ne4 Nxe4 12. fxe4 e6 13. O-O-O exd5 14. cxd5 1-0

[Event "Challenge"]
[Site "http://www.queenalice.com/game.php?id=416596"]
[Date "2008.6.12"]
[Round "-"]
[White "gilberth1"]
[Black "lhpalinski"]
[Result "1-0"]
[WhiteElo "1461"]
[BlackElo "1454"]

1. d4 b5 2. e4 Bb7 3. Bxb5 Bxe4 4. f3 Bb7 5. d5 a6 6. Ba4 g6 7. Qd4 Nf6 8. Bd2
Nxd5 9. Qxh8 e6 10. Bh6 Qe7 11. Nd2 Nc6 12. O-O-O O-O-O 13. Bxf8 Rxf8 14. Qxh7
Ne3 15. Re1 1-0

[Event "Challenge"]
[Site "http://www.queenalice.com/game.php?id=416597"]
[Date "2008.6.12"]
[Round "-"]
[White "gilberth1"]
[Black "lhpalinski"]
[Result "1-0"]
[WhiteElo "1504"]
[BlackElo "1411"]

1. d4 d5 2. Nc3 g6 3. e3 Bg7 4. Nf3 Nc6 5. h3 Nf6 6. Bd3 O-O 7. O-O a6 8. Re1
Nb4 9. e4 Nxd3 10. Qxd3 dxe4 11. Nxe4 Nxe4 12. Bf4 Bf5 13. Qc4 Nd6 14. Qd5 1-0